Taxonomy, communication, and rhetorical strategy (Registro nro. 29186)

Detalles MARC
000 -LEADER
fixed length control field 00347 a2200109 4500
001 - CONTROL NUMBER
control field ART_44208
005 - DATE AND TIME OF LATEST TRANSACTION
control field 20260410161937.0
008 - FIXED-LENGTH DATA ELEMENTS--GENERAL INFORMATION
fixed length control field 260409a
100 1# - MAIN ENTRY--PERSONAL NAME
Personal name Davidson, Paul
245 10 - TITLE STATEMENT
Title Taxonomy, communication, and rhetorical strategy
773 0# - HOST ITEM ENTRY
Title Journal of post Keynesian economics
Related parts - Vol. 22, Nº 1 (sep. 1999)
Record control number REV26226

No hay ítems disponibles.